[Event "Stay Safe Play From Home 372."]
[Site "Emanuel Lasker Arena"]
[Date "2020.08.10"]
[Round "3"]
[White "Batabat1955"]
[Black "Kongle"]
[Result "1-0"]
[WhiteElo "1839"]
[BlackElo "1693"]
[Annotator "NA"]
[PlyCount "105"]
[EventDate "2020.08.10"]
[EventType "swiss (blitz)"]

1. e4 {[%emt 0:00:04]} d5 {[%emt 0:00:02]} 2. exd5 {[%emt 0:00:04]} Qxd5 {[%emt 0:00:01]} 3. Nf3 {[%emt 0:00:00]} Bg4 {[%emt 0:00:02]} 4. Be2 {[%emt 0:00:01]} Nf6 {[%emt 0:00:04]} 5. d4 {[%emt 0:00:01]} e6 {[%emt 0:00:05]} 6. c3 {[%emt 0:00:01]} Be7 {[%emt 0:00:03]} 7. h3 {[%emt 0:00:01]} Bh5 {[%emt 0:00:03]} 8. Be3 {[%emt 0:00:02]} O-O {[%emt 0:00:04]} 9. Nbd2 {[%emt 0:00:00]} a6 {[%emt 0:00:04]} 10. Qb3 {[%emt 0:00:01]} b5 {[%emt 0:00:03]} 11. O-O {[%emt 0:00:04]} Nbd7 {[%emt 0:00:04]} 12. a4 {[%emt 0:00:02]} Qxb3 {[%emt 0:00:05]} 13. Nxb3 {[%emt 0:00:01]} b4 {[%emt 0:00:03]} 14. Rfe1 {[%emt 0:00:08]} Nd5 {[%emt 0:00:02]} 15. Bd2 {[%emt 0:00:03]} bxc3 {[%emt 0:00:02]} 16. bxc3 {[%emt 0:00:01]} Rab8 {[%emt 0:00:03]} 17. Na5 {[%emt 0:00:03]} Rb2 {[%emt 0:00:04]} 18. Bc1 {[%emt 0:00:04]} Rxe2 {[%emt 0:00:09]} 19. Rxe2 {[%emt 0:00:01]} Bxf3 {[%emt 0:00:02]} 20. gxf3 {[%emt 0:00:01]} Nxc3 {[%emt 0:00:01]} 21. Rc2 {[%emt 0:00:01]} Nd5 {[%emt 0:00:04]} 22. Nc6 {[%emt 0:00:06]} Bd6 {[%emt 0:00:05]} 23. Ba3 {[%emt 0:00:03]} Bxa3 {[%emt 0:00:07]} 24. Rxa3 {[%emt 0:00:01]} g6 {[%emt 0:00:15]} 25. Rb3 {[%emt 0:00:01]} a5 {[%emt 0:00:06]} 26. Nxa5 {[%emt 0:00:11]} Ra8 {[%emt 0:00:03]} 27. Rb5 {[%emt 0:00:04]} N7b6 {[%emt 0:00:06]} 28. Nc4 {[%emt 0:00:15]} Rxa4 {[%emt 0:00:11]} 29. Nxb6 {[%emt 0:00:11]} cxb6 {[%emt 0:00:01]} 30. Rd2 {[%emt 0:00:05]} Ra1+ {[%emt 0:00:08]} 31. Kh2 {[%emt 0:00:02]} Kg7 {[%emt 0:00:05]} 32. Rbb2 {[%emt 0:00:01]} h5 {[%emt 0:00:07]} 33. Ra2 {[%emt 0:00:01]} Rb1 {[%emt 0:00:03]} 34. Ra7 {[%emt 0:00:02]} h4 {[%emt 0:00:03]} 35. Raa2 {[%emt 0:00:13]} Rb3 {[%emt 0:00:03]} 36. Kg2 {[%emt 0:00:11]} Nf4+ {[%emt 0:00:02]} 37. Kh2 {[%emt 0:00:02]} Rxf3 {[%emt 0:00:01]} 38. Rab2 {[%emt 0:00:06]} Rxh3+ {[%emt 0:00:01]} 39. Kg1 {[%emt 0:00:01]} Nd5 {[%emt 0:00:01]} 40. Kg2 {[%emt 0:00:01]} Nf4+ {[%emt 0:00:04]} 41. Kg1 {[%emt 0:00:03]} Nd5 {[%emt 0:00:01]} 42. Rdc2 {[%emt 0:00:12]} Rd3 {[%emt 0:00:04]} 43. Rd2 {[%emt 0:00:01]} Rc3 {[%emt 0:00:01]} 44. Rbc2 {[%emt 0:00:01]} Rb3 {[%emt 0:00:02]} 45. Rb2 {[%emt 0:00:01]} Ra3 {[%emt 0:00:00]} 46. Kh2 {[%emt 0:00:01]} Ra1 {[%emt 0:00:01]} 47. Ra2 {[%emt 0:00:02]} g5 {[%emt 0:00:01]} 48. Rxa1 {[%emt 0:00:01]} g4 {[%emt 0:00:01]} 49. Ra3 {[%emt 0:00:02]} f5 {[%emt 0:00:01]} 50. Re3 {[%emt 0:00:02]} f4 {[%emt 0:00:01]} 51. Rxe6 {[%emt 0:00:01]} g3+ {[%emt 0:00:01]} 52. fxg3 {[%emt 0:00:00]} fxg3+ {[%emt 0:00:01]} 53. Kh3 {[%emt 0:00:01] Time Time Time Time Time (Lag: Av=0.62s, max=2.0s) (Lag: Av=0.62s, max=2.0s) (Lag: Av=0.62s, max=2.0s) (Lag: Av=0.62s, max=2.0s) (Lag: Av=0.62s, max=2.0s)} 1-0

[Event "Stay Safe Play From Home 372."]
[Site "Emanuel Lasker Arena"]
[Date "2020.08.10"]
[Round "3"]
[White "Erdema"]
[Black "Timbre"]
[Result "1-0"]
[WhiteElo "1627"]
[BlackElo "1630"]
[Annotator "NA"]
[PlyCount "75"]
[EventDate "2020.08.10"]
[EventType "swiss (blitz)"]

1. e4 {[%emt 0:00:05]} c6 {[%emt 0:00:03]} 2. d4 {[%emt 0:00:02]} d5 {[%emt 0:00:03]} 3. exd5 {[%emt 0:00:01]} cxd5 {[%emt 0:00:02]} 4. Bd3 {[%emt 0:00:00]} Nc6 {[%emt 0:00:02]} 5. c3 {[%emt 0:00:02]} Nf6 {[%emt 0:00:01]} 6. h3 {[%emt 0:00:02]} a6 {[%emt 0:00:01]} 7. Nf3 {[%emt 0:00:01]} e6 {[%emt 0:00:02]} 8. O-O {[%emt 0:00:01]} Be7 {[%emt 0:00:01]} 9. Bf4 {[%emt 0:00:03]} O-O {[%emt 0:00:02]} 10. Na3 {[%emt 0:00:02]} Bd6 {[%emt 0:00:01]} 11. Bxd6 {[%emt 0:00:03]} Qxd6 {[%emt 0:00:01]} 12. Re1 {[%emt 0:00:01]} b5 {[%emt 0:00:04]} 13. Ne5 {[%emt 0:00:02]} Bb7 {[%emt 0:00:03]} 14. Nc2 {[%emt 0:00:04]} Na5 {[%emt 0:00:08]} 15. Qf3 {[%emt 0:00:11]} Nc4 {[%emt 0:00:03]} 16. b3 {[%emt 0:00:07]} Nd2 {[%emt 0:00:05]} 17. Qe2 {[%emt 0:00:04]} Nde4 {[%emt 0:00:02]} 18. c4 {[%emt 0:00:10]} bxc4 {[%emt 0:00:04]} 19. bxc4 {[%emt 0:00:02]} dxc4 {[%emt 0:00:12]} 20. Nxc4 {[%emt 0:00:12]} Qf4 {[%emt 0:00:09]} 21. Na5 {[%emt 0:00:13]} Bd5 {[%emt 0:00:09]} 22. Nb4 {[%emt 0:00:03]} Nc3 {[%emt 0:00:06]} 23. Qe5 {[%emt 0:00:09]} Qh4 {[%emt 0:00:17]} 24. Nxd5 {[%emt 0:00:05]} Ncxd5 {[%emt 0:00:03]} 25. Nc6 {[%emt 0:00:05]} a5 {[%emt 0:00:08]} 26. Rab1 {[%emt 0:00:10]} Rac8 {[%emt 0:00:09]} 27. Nxa5 {[%emt 0:00:04]} Rc3 {[%emt 0:00:02]} 28. Be4 {[%emt 0:00:07]} Nxe4 {[%emt 0:00:08]} 29. Qxe4 {[%emt 0:00:03]} Qg5 {[%emt 0:00:10]} 30. Nb3 {[%emt 0:00:04]} Rxh3 {[%emt 0:00:08]} 31. Qe5 {[%emt 0:00:07]} Qg4 {[%emt 0:00:08]} 32. Qe4 {[%emt 0:00:05]} Qg5 {[%emt 0:00:09]} 33. Nc5 {[%emt 0:00:03]} Rh6 {[%emt 0:00:06]} 34. Rbc1 {[%emt 0:00:05]} Qh5 {[%emt 0:00:02]} 35. g3 {[%emt 0:00:04]} Qh2+ {[%emt 0:00:02]} 36. Kf1 {[%emt 0:00:01]} Qh3+ {[%emt 0:00:01]} 37. Qg2 {[%emt 0:00:02]} Qf5 {[%emt 0:00:02]} 38. Re5 {[%emt 0:00:03] Time Time Time Time Time (Lag: Av=0.67s, max=1.0s) (Lag: Av=0.67s, max=1.0s) (Lag: Av=0.67s, max=1.0s) (Lag: Av=0.67s, max=1.0s) (Lag: Av=0.67s, max=1.0s)} 1-0

[Event "Stay Safe Play From Home 372."]
[Site "Emanuel Lasker Arena"]
[Date "2020.08.10"]
[Round "4"]
[White "Don59as"]
[Black "SelamiSahin"]
[Result "0-1"]
[WhiteElo "2006"]
[BlackElo "2144"]
[Annotator "NA"]
[PlyCount "46"]
[EventDate "2020.08.10"]
[EventType "swiss (blitz)"]

{- Yarar, Atakan} 1. c4 {[%emt 0:00:05]} c5 {[%emt 0:00:01]} 2. Nc3 {[%emt 0:00:01]} Nf6 {[%emt 0:00:05]} 3. e4 {[%emt 0:00:02]} d6 {[%emt 0:00:02]} 4. g3 {[%emt 0:00:01]} Nc6 {[%emt 0:00:02]} 5. Bg2 {[%emt 0:00:00]} g6 {[%emt 0:00:03]} 6. Nge2 {[%emt 0:00:01]} Bg7 {[%emt 0:00:02]} 7. O-O {[%emt 0:00:01]} h5 {[%emt 0:00:07]} 8. h3 {[%emt 0:00:01]} h4 {[%emt 0:00:02]} 9. g4 {[%emt 0:00:01]} Nxg4 {[%emt 0:00:02]} 10. hxg4 {[%emt 0:00:01]} h3 {[%emt 0:00:00]} 11. Bf3 {[%emt 0:00:01]} Ne5 {[%emt 0:00:07]} 12. Ng3 {[%emt 0:00:08]} Nxf3+ {[%emt 0:00:05]} 13. Qxf3 {[%emt 0:00:03]} h2+ {[%emt 0:00:01]} 14. Kh1 {[%emt 0:00:02]} Rh4 {[%emt 0:00:02]} 15. g5 {[%emt 0:00:12]} Bg4 {[%emt 0:00:05]} 16. Qe3 {[%emt 0:00:03]} Bd4 {[%emt 0:00:04]} 17. Qd3 {[%emt 0:00:04]} Qd7 {[%emt 0:00:03]} 18. f3 {[%emt 0:00:25]} Bh3 {[%emt 0:00:03]} 19. Rd1 {[%emt 0:00:03]} Bg2+ {[%emt 0:00:08]} 20. Kxg2 {[%emt 0:00:06]} Qh3+ {[%emt 0:00:00]} 21. Kh1 {[%emt 0:00:01]} Qxg3 {[%emt 0:00:00]} 22. Ne2 {[%emt 0:00:30]} Qg1+ {[%emt 0:00:01]} 23. Nxg1 {[%emt 0:00:05]} hxg1=Q# {[%emt 0:00:00] (Lag: Av=0.57s, max=1.2s) (Lag: Av=0.57s, max=1.2s) (Lag: Av=0.57s, max=1.2s) (Lag: Av=0.57s, max=1.2s) (Lag: Av=0.57s, max=1.2s)} 0-1

[Event "Stay Safe Play From Home 372."]
[Site "Emanuel Lasker Arena"]
[Date "2020.08.10"]
[Round "4"]
[White "Ionelluca"]
[Black "Batabat1955"]
[Result "1-0"]
[WhiteElo "1980"]
[BlackElo "1874"]
[Annotator "NA"]
[PlyCount "103"]
[EventDate "2020.08.10"]
[EventType "swiss (blitz)"]

1. c4 {[%emt 0:00:02]} e6 {[%emt 0:00:02]} 2. g3 {[%emt 0:00:02]} d5 {[%emt 0:00:00]} 3. Bg2 {[%emt 0:00:01]} c6 {[%emt 0:00:01]} 4. Nf3 {[%emt 0:00:01]} Nf6 {[%emt 0:00:01]} 5. b3 {[%emt 0:00:02]} Be7 {[%emt 0:00:01]} 6. Bb2 {[%emt 0:00:01]} O-O {[%emt 0:00:00]} 7. O-O {[%emt 0:00:01]} Nbd7 {[%emt 0:00:00]} 8. d3 {[%emt 0:00:01]} b6 {[%emt 0:00:01]} 9. Nbd2 {[%emt 0:00:01]} Bb7 {[%emt 0:00:00]} 10. Rc1 {[%emt 0:00:01]} Re8 {[%emt 0:00:01]} 11. Re1 {[%emt 0:00:01]} Rc8 {[%emt 0:00:01]} 12. e4 {[%emt 0:00:01]} dxe4 {[%emt 0:00:02]} 13. dxe4 {[%emt 0:00:02]} Nf8 {[%emt 0:00:11]} 14. e5 {[%emt 0:00:03]} Ng4 {[%emt 0:00:16]} 15. a3 {[%emt 0:00:04]} Qc7 {[%emt 0:00:03]} 16. Qc2 {[%emt 0:00:03]} c5 {[%emt 0:00:06]} 17. Ne4 {[%emt 0:00:04]} Rcd8 {[%emt 0:00:06]} 18. h3 {[%emt 0:00:04]} Nh6 {[%emt 0:00:01]} 19. Rcd1 {[%emt 0:00:02]} Nf5 {[%emt 0:00:02]} 20. g4 {[%emt 0:00:08]} Nh4 {[%emt 0:00:07]} 21. Nxh4 {[%emt 0:00:03]} Bxh4 {[%emt 0:00:01]} 22. Nd6 {[%emt 0:00:04]} Bxg2 {[%emt 0:00:04]} 23. Kxg2 {[%emt 0:00:14]} Re7 {[%emt 0:00:12]} 24. Re3 {[%emt 0:00:09]} Red7 {[%emt 0:00:08]} 25. Red3 {[%emt 0:00:01]} a6 {[%emt 0:00:16]} 26. f4 {[%emt 0:00:01]} Be7 {[%emt 0:00:08]} 27. Qc3 {[%emt 0:00:08]} Ng6 {[%emt 0:00:07]} 28. Kg3 {[%emt 0:00:02]} Bh4+ {[%emt 0:00:04]} 29. Kf3 {[%emt 0:00:04]} Qc6+ {[%emt 0:00:02]} 30. Ne4 {[%emt 0:00:01]} Rxd3+ {[%emt 0:00:04]} 31. Rxd3 {[%emt 0:00:01]} Rxd3+ {[%emt 0:00:09]} 32. Qxd3 {[%emt 0:00:01]} Be7 {[%emt 0:00:01]} 33. f5 {[%emt 0:00:04]} Nh4+ {[%emt 0:00:03]} 34. Kf4 {[%emt 0:00:05]} h6 {[%emt 0:00:22]} 35. f6 {[%emt 0:00:06]} Bf8 {[%emt 0:00:01]} 36. Qd8 {[%emt 0:00:08]} Ng2+ {[%emt 0:00:02]} 37. Kf3 {[%emt 0:00:03]} Ne1+ {[%emt 0:00:01]} 38. Ke3 {[%emt 0:00:06]} Ng2+ {[%emt 0:00:02]} 39. Kd3 {[%emt 0:00:17]} Ne1+ {[%emt 0:00:01]} 40. Ke3 {[%emt 0:00:04]} Ng2+ {[%emt 0:00:01]} 41. Kf2 {[%emt 0:00:03]} Qxe4 {[%emt 0:00:02]} 42. Qd2 {[%emt 0:00:04]} Nh4 {[%emt 0:00:01]} 43. Qe2 {[%emt 0:00:01]} Qf4+ {[%emt 0:00:01]} 44. Ke1 {[%emt 0:00:02]} gxf6 {[%emt 0:00:01]} 45. exf6 {[%emt 0:00:03]} Nf3+ {[%emt 0:00:01]} 46. Kd1 {[%emt 0:00:02]} Bd6 {[%emt 0:00:01]} 47. Bc1 {[%emt 0:00:02]} Qd4+ {[%emt 0:00:02]} 48. Bd2 {[%emt 0:00:01]} Nxd2 {[%emt 0:00:01]} 49. Qxd2 {[%emt 0:00:01]} Qxd2+ {[%emt 0:00:00]} 50. Kxd2 {[%emt 0:00:01]} Be5 {[%emt 0:00:00]} 51. Ke2 {[%emt 0:00:01]} Bxf6 {[%emt 0:00:00]} 52. a4 {[%emt 0:00:01] Time Time Time Time Time (Lag: Av=0.56s, max=0.9s) (Lag: Av=0.56s, max=0.9s) (Lag: Av=0.56s, max=0.9s) (Lag: Av=0.56s, max=0.9s) (Lag: Av=0.56s, max=0.9s)} 1-0

[Event "Stay Safe Play From Home 372."]
[Site "Emanuel Lasker Arena"]
[Date "2020.08.10"]
[Round "4"]
[White "Haris kollari 13"]
[Black "Buzaglo"]
[Result "1-0"]
[WhiteElo "1945"]
[BlackElo "1757"]
[Annotator "NA"]
[PlyCount "107"]
[EventDate "2020.08.10"]
[EventType "swiss (blitz)"]

1. e4 {[%emt 0:00:02]} e6 {[%emt 0:00:00]} 2. f4 {[%emt 0:00:02]} d5 {[%emt 0:00:00]} 3. e5 {[%emt 0:00:00]} c5 {[%emt 0:00:02]} 4. c3 {[%emt 0:00:01]} Nc6 {[%emt 0:00:01]} 5. b3 {[%emt 0:00:01]} d4 {[%emt 0:00:01]} 6. c4 {[%emt 0:00:01]} Nge7 {[%emt 0:00:03]} 7. d3 {[%emt 0:00:01]} f6 {[%emt 0:00:01]} 8. exf6 {[%emt 0:00:02]} gxf6 {[%emt 0:00:01]} 9. Nf3 {[%emt 0:00:03]} Bg7 {[%emt 0:00:01]} 10. Na3 {[%emt 0:00:04]} O-O {[%emt 0:00:02]} 11. Bd2 {[%emt 0:00:01]} Nf5 {[%emt 0:00:03]} 12. Be2 {[%emt 0:00:02]} e5 {[%emt 0:00:03]} 13. g4 {[%emt 0:00:11]} Nfe7 {[%emt 0:00:07]} 14. f5 {[%emt 0:00:01]} Re8 {[%emt 0:00:05]} 15. Qc2 {[%emt 0:00:02]} Qc7 {[%emt 0:00:10]} 16. O-O-O {[%emt 0:00:01]} Nd8 {[%emt 0:00:01]} 17. h4 {[%emt 0:00:07]} b5 {[%emt 0:00:03]} 18. Nxb5 {[%emt 0:00:02]} Qd7 {[%emt 0:00:01]} 19. Kb2 {[%emt 0:00:07]} a6 {[%emt 0:00:03]} 20. Na3 {[%emt 0:00:01]} Ndc6 {[%emt 0:00:03]} 21. Be1 {[%emt 0:00:08]} a5 {[%emt 0:00:01]} 22. Rf1 {[%emt 0:00:04]} a4 {[%emt 0:00:01]} 23. Nb5 {[%emt 0:00:01]} axb3 {[%emt 0:00:02]} 24. axb3 {[%emt 0:00:01]} Nb4 {[%emt 0:00:01]} 25. Bxb4 {[%emt 0:00:02]} cxb4 {[%emt 0:00:00]} 26. Ra1 {[%emt 0:00:01]} Bb7 {[%emt 0:00:02]} 27. g5 {[%emt 0:00:05]} Nc6 {[%emt 0:00:03]} 28. gxf6 {[%emt 0:00:04]} Bxf6 {[%emt 0:00:00]} 29. Ng5 {[%emt 0:00:01]} e4 {[%emt 0:00:13]} 30. Nxe4 {[%emt 0:00:02]} Bg7 {[%emt 0:00:02]} 31. Rg1 {[%emt 0:00:02]} Kh8 {[%emt 0:00:01]} 32. f6 {[%emt 0:00:02]} Bf8 {[%emt 0:00:03]} 33. f7 {[%emt 0:00:11]} Qxf7 {[%emt 0:00:02]} 34. Raf1 {[%emt 0:00:02]} Qe6 {[%emt 0:00:19]} 35. Rf6 {[%emt 0:00:04]} Qh3 {[%emt 0:00:07]} 36. Nc7 {[%emt 0:00:13]} Ne5 {[%emt 0:00:02]} 37. Nxa8 {[%emt 0:00:08]} Bxa8 {[%emt 0:00:02]} 38. Rgf1 {[%emt 0:00:03]} Bg7 {[%emt 0:00:03]} 39. R6f5 {[%emt 0:00:13]} Ng6 {[%emt 0:00:02]} 40. R1f3 {[%emt 0:00:06]} Qg2 {[%emt 0:00:02]} 41. Bf1 {[%emt 0:00:04]} Qxc2+ {[%emt 0:00:01]} 42. Kxc2 {[%emt 0:00:01]} h5 {[%emt 0:00:02]} 43. Rg5 {[%emt 0:00:02]} Ne5 {[%emt 0:00:03]} 44. Rfg3 {[%emt 0:00:02]} Ng4 {[%emt 0:00:02]} 45. Rxh5+ {[%emt 0:00:02]} Kg8 {[%emt 0:00:02]} 46. Rxg4 {[%emt 0:00:01]} Kf7 {[%emt 0:00:01]} 47. Rh7 {[%emt 0:00:01]} Rh8 {[%emt 0:00:01]} 48. Rhxg7+ {[%emt 0:00:02]} Ke6 {[%emt 0:00:01]} 49. R4g6+ {[%emt 0:00:01]} Kf5 {[%emt 0:00:01]} 50. Bh3+ {[%emt 0:00:01]} Kf4 {[%emt 0:00:01]} 51. Rg4+ {[%emt 0:00:02]} Kf3 {[%emt 0:00:01]} 52. Rg3+ {[%emt 0:00:01]} Kf4 {[%emt 0:00:03]} 53. Rf7+ {[%emt 0:00:01]} Ke5 {[%emt 0:00:01]} 54. Rg5# {[%emt 0:00:01] (Lag: Av=0.56s, max=0.9s) (Lag: Av=0.56s, max=0.9s) (Lag: Av=0.56s, max=0.9s) (Lag: Av=0.56s, max=0.9s) (Lag: Av=0.56s, max=0.9s)} 1-0

[Event "Stay Safe Play From Home 372."]
[Site "Emanuel Lasker Arena"]
[Date "2020.08.10"]
[Round "4"]
[White "Padmaesh M K"]
[Black "Greblah"]
[Result "1-0"]
[WhiteElo "1935"]
[BlackElo "1917"]
[PlyCount "99"]
[EventDate "2020.08.10"]
[EventType "swiss (blitz)"]

1. e4 {[%emt 0:00:03]} c6 {[%emt 0:00:00]} 2. c4 {[%emt 0:00:02]} d5 {[%emt 0:00:00]} 3. exd5 {[%emt 0:00:04]} cxd5 {[%emt 0:00:00]} 4. d4 {[%emt 0:00:01]} Nf6 {[%emt 0:00:01]} 5. Nc3 {[%emt 0:00:17]} Nc6 {[%emt 0:00:01]} 6. Nf3 {[%emt 0:00:02]} Be6 {[%emt 0:00:01]} 7. Be3 {[%emt 0:00:08]} h6 {[%emt 0:00:02]} 8. Qa4 {[%emt 0:00:02]} g5 {[%emt 0:00:13]} 9. h4 {[%emt 0:00:04]} g4 {[%emt 0:00:09]} 10. Ne5 {[%emt 0:00:02]} Rc8 {[%emt 0:00:10]} 11. cxd5 {[%emt 0:00:11]} Nxd5 {[%emt 0:00:04]} 12. Bb5 {[%emt 0:00:02]} Nxc3 {[%emt 0:00:22]} 13. bxc3 {[%emt 0:00:09]} Bd7 {[%emt 0:00:07]} 14. d5 {[%emt 0:00:05]} Nxe5 {[%emt 0:00:02]} 15. Bd4 {[%emt 0:00:07]} Bxb5 {[%emt 0:00:06]} 16. Qxb5+ {[%emt 0:00:02]} Qd7 {[%emt 0:00:08]} 17. Qxd7+ {[%emt 0:00:02]} Nxd7 {[%emt 0:00:01]} 18. Bxh8 {[%emt 0:00:01]} f6 {[%emt 0:00:02]} 19. Kd2 {[%emt 0:00:04]} Ne5 {[%emt 0:00:04]} 20. f4 {[%emt 0:00:12]} Ng6 {[%emt 0:00:05]} 21. Bxf6 {[%emt 0:00:03]} exf6 {[%emt 0:00:01]} 22. Rhe1+ {[%emt 0:00:05]} Kf7 {[%emt 0:00:03]} 23. g3 {[%emt 0:00:01]} Ne7 {[%emt 0:00:04]} 24. Rab1 {[%emt 0:00:03]} b6 {[%emt 0:00:02]} 25. Rb5 {[%emt 0:00:06]} Rd8 {[%emt 0:00:08]} 26. c4 {[%emt 0:00:04]} Nf5 {[%emt 0:00:03]} 27. Rg1 {[%emt 0:00:06]} Bc5 {[%emt 0:00:02]} 28. Rg2 {[%emt 0:00:03]} Ne3 {[%emt 0:00:01]} 29. Rxc5 {[%emt 0:00:14]} Nxg2 {[%emt 0:00:01]} 30. Rc7+ {[%emt 0:00:01]} Kg6 {[%emt 0:00:05]} 31. Ke2 {[%emt 0:00:01]} Re8+ {[%emt 0:00:03]} 32. Kf2 {[%emt 0:00:01]} Ne3 {[%emt 0:00:01]} 33. d6 {[%emt 0:00:02]} Nf5 {[%emt 0:00:06]} 34. d7 {[%emt 0:00:01]} Rd8 {[%emt 0:00:01]} 35. Rxa7 {[%emt 0:00:01]} Nd6 {[%emt 0:00:04]} 36. Ke2 {[%emt 0:00:07]} Nxc4 {[%emt 0:00:01]} 37. Kd3 {[%emt 0:00:01]} Na5 {[%emt 0:00:06]} 38. Kd4 {[%emt 0:00:02]} Kf5 {[%emt 0:00:00]} 39. Kd5 {[%emt 0:00:01]} h5 {[%emt 0:00:09]} 40. Kd6 {[%emt 0:00:01]} Rb8 {[%emt 0:00:08]} 41. Kc7 {[%emt 0:00:03]} Rh8 {[%emt 0:00:02]} 42. d8=Q {[%emt 0:00:01]} Rh7+ {[%emt 0:00:01]} 43. Kc8 {[%emt 0:00:02]} Rxa7 {[%emt 0:00:02]} 44. Qd3+ {[%emt 0:00:01]} Ke6 {[%emt 0:00:02]} 45. Qe4+ {[%emt 0:00:00]} Kf7 {[%emt 0:00:01]} 46. Qd5+ {[%emt 0:00:01]} Kg6 {[%emt 0:00:01]} 47. f5+ {[%emt 0:00:00]} Kg7 {[%emt 0:00:01]} 48. Qe6 {[%emt 0:00:01]} Rf7 {[%emt 0:00:01]} 49. Kd8 {[%emt 0:00:01]} Rf8+ {[%emt 0:00:01]} 50. Kc7 {[%emt 0:00:01] Zeit Zeit Zeit Zeit Zeit (Lag: Av=0.39s, max=0.8s) (Lag: Av=0.39s, max=0.8s) (Lag: Av=0.39s, max=0.8s) (Lag: Av=0.39s, max=0.8s) (Lag: Av=0.39s, max=0.8s)} 1-0

[Event "Stay Safe Play From Home 372."]
[Site "Emanuel Lasker Arena"]
[Date "2020.08.10"]
[Round "4"]
[White "Dukic"]
[Black "MarkonY"]
[Result "0-1"]
[WhiteElo "1876"]
[BlackElo "2321"]
[PlyCount "96"]
[EventDate "2020.08.10"]
[EventType "swiss (blitz)"]

1. c4 {[%emt 0:00:03]} c5 {[%emt 0:00:00]} 2. Nc3 {[%emt 0:00:02]} g6 {[%emt 0:00:01]} 3. Nf3 {[%emt 0:00:01]} Bg7 {[%emt 0:00:00]} 4. d4 {[%emt 0:00:01]} cxd4 {[%emt 0:00:01]} 5. Nxd4 {[%emt 0:00:01]} Nc6 {[%emt 0:00:00]} 6. Nc2 {[%emt 0:00:01]} Nf6 {[%emt 0:00:01]} 7. g3 {[%emt 0:00:01]} d6 {[%emt 0:00:01]} 8. Bg2 {[%emt 0:00:01]} O-O {[%emt 0:00:00]} 9. b3 {[%emt 0:00:02]} Nd7 {[%emt 0:00:09]} 10. Qd2 {[%emt 0:00:01]} Nc5 {[%emt 0:00:04]} 11. Bb2 {[%emt 0:00:02]} Bf5 {[%emt 0:00:01]} 12. Ne3 {[%emt 0:00:05]} Bd7 {[%emt 0:00:09]} 13. O-O {[%emt 0:00:02]} Rc8 {[%emt 0:00:02]} 14. Rac1 {[%emt 0:00:03]} Re8 {[%emt 0:00:01]} 15. Rfd1 {[%emt 0:00:01]} a6 {[%emt 0:00:05]} 16. Ncd5 {[%emt 0:00:01]} Bxb2 {[%emt 0:00:07]} 17. Qxb2 {[%emt 0:00:01]} b5 {[%emt 0:00:11]} 18. b4 {[%emt 0:00:07]} Na4 {[%emt 0:00:02]} 19. Qa1 {[%emt 0:00:08]} e5 {[%emt 0:00:10]} 20. cxb5 {[%emt 0:00:23]} axb5 {[%emt 0:00:02]} 21. a3 {[%emt 0:00:01]} Be6 {[%emt 0:00:30]} 22. Rd2 {[%emt 0:00:16]} Nd4 {[%emt 0:00:04]} 23. Rcd1 {[%emt 0:00:13]} Nb3 {[%emt 0:00:04]} 24. Qa2 {[%emt 0:00:17]} Nxd2 {[%emt 0:00:01]} 25. Qxd2 {[%emt 0:00:02]} Kg7 {[%emt 0:00:10]} 26. f4 {[%emt 0:00:03]} f6 {[%emt 0:00:05]} 27. Rf1 {[%emt 0:00:06]} Nb6 {[%emt 0:00:05]} 28. Qd3 {[%emt 0:00:02]} Nxd5 {[%emt 0:00:04]} 29. Nxd5 {[%emt 0:00:05]} Bxd5 {[%emt 0:00:01]} 30. Bxd5 {[%emt 0:00:02]} Qb6+ {[%emt 0:00:01]} 31. Kg2 {[%emt 0:00:06]} exf4 {[%emt 0:00:01]} 32. Rxf4 {[%emt 0:00:08]} Re3 {[%emt 0:00:01]} 33. Qd2 {[%emt 0:00:09]} Rce8 {[%emt 0:00:02]} 34. Bf3 {[%emt 0:00:07]} R8e6 {[%emt 0:00:14]} 35. Rd4 {[%emt 0:00:01]} Rxa3 {[%emt 0:00:03]} 36. Rd5 {[%emt 0:00:02]} Qe3 {[%emt 0:00:01]} 37. Qxe3 {[%emt 0:00:02]} Rexe3 {[%emt 0:00:01]} 38. Rxb5 {[%emt 0:00:01]} Rab3 {[%emt 0:00:01]} 39. Rb8 {[%emt 0:00:03]} Kh6 {[%emt 0:00:00]} 40. b5 {[%emt 0:00:01]} Rb4 {[%emt 0:00:01]} 41. b6 {[%emt 0:00:01]} Reb3 {[%emt 0:00:00]} 42. b7 {[%emt 0:00:01]} d5 {[%emt 0:00:00]} 43. Rd8 {[%emt 0:00:01]} Rxb7 {[%emt 0:00:01]} 44. Rxd5 {[%emt 0:00:02]} R7b6 {[%emt 0:00:01]} 45. h4 {[%emt 0:00:01]} Rb2 {[%emt 0:00:01]} 46. Rd8 {[%emt 0:00:01]} f5 {[%emt 0:00:01]} 47. Kh3 {[%emt 0:00:01]} R2b4 {[%emt 0:00:01]} 48. Rd7 {[%emt 0:00:01]} Rf6 {[%emt 0:00:02] Zeit Zeit Zeit Zeit Zeit (Lag: Av=0.42s, max=2.9s) (Lag: Av=0.42s, max=2.9s) (Lag: Av=0.42s, max=2.9s) (Lag: Av=0.42s, max=2.9s) (Lag: Av=0.42s, max=2.9s)} 0-1

[Event "Stay Safe Play From Home 372."]
[Site "Emanuel Lasker Arena"]
[Date "2020.08.10"]
[Round "4"]
[White "Kongle"]
[Black "Klausen"]
[Result "0-1"]
[WhiteElo "1682"]
[BlackElo "2008"]
[PlyCount "66"]
[EventDate "2020.08.10"]
[EventType "swiss (blitz)"]

1. e4 {[%emt 0:00:04]} e6 {[%emt 0:00:02]} 2. d4 {[%emt 0:00:02]} d5 {[%emt 0:00:01]} 3. exd5 {[%emt 0:00:01]} exd5 {[%emt 0:00:01]} 4. Nf3 {[%emt 0:00:01]} Nf6 {[%emt 0:00:01]} 5. c4 {[%emt 0:00:01]} Bb4+ {[%emt 0:00:02]} 6. Nc3 {[%emt 0:00:01]} O-O {[%emt 0:00:02]} 7. Be2 {[%emt 0:00:02]} Be6 {[%emt 0:00:02]} 8. O-O {[%emt 0:00:01]} dxc4 {[%emt 0:00:02]} 9. Ng5 {[%emt 0:00:01]} Bxc3 {[%emt 0:00:09]} 10. bxc3 {[%emt 0:00:03]} Bd5 {[%emt 0:00:02]} 11. f3 {[%emt 0:00:08]} c6 {[%emt 0:00:06]} 12. Qa4 {[%emt 0:00:04]} Nbd7 {[%emt 0:00:05]} 13. Ba3 {[%emt 0:00:08]} Re8 {[%emt 0:00:03]} 14. Rf2 {[%emt 0:00:06]} Ng4 {[%emt 0:00:13]} 15. Nxf7 {[%emt 0:00:10]} Bxf7 {[%emt 0:00:04]} 16. fxg4 {[%emt 0:00:01]} Nf6 {[%emt 0:00:04]} 17. Raf1 {[%emt 0:00:08]} Bd5 {[%emt 0:00:07]} 18. Qb4 {[%emt 0:00:09]} b5 {[%emt 0:00:17]} 19. Rf4 {[%emt 0:00:23]} a5 {[%emt 0:00:03]} 20. Qc5 {[%emt 0:00:03]} Rxe2 {[%emt 0:00:05]} 21. g5 {[%emt 0:00:03]} Rxg2+ {[%emt 0:00:02]} 22. Kh1 {[%emt 0:00:01]} Rxg5+ {[%emt 0:00:02]} 23. Qxd5+ {[%emt 0:00:01]} Qxd5+ {[%emt 0:00:02]} 24. R4f3 {[%emt 0:00:05]} b4 {[%emt 0:00:03]} 25. Bc1 {[%emt 0:00:04]} Rf5 {[%emt 0:00:03]} 26. Kg2 {[%emt 0:00:03]} Rxf3 {[%emt 0:00:04]} 27. Rxf3 {[%emt 0:00:02]} Ne4 {[%emt 0:00:01]} 28. cxb4 {[%emt 0:00:03]} Ng5 {[%emt 0:00:05]} 29. Bxg5 {[%emt 0:00:04]} Qxg5+ {[%emt 0:00:01]} 30. Kf2 {[%emt 0:00:00]} c3 {[%emt 0:00:06]} 31. h4 {[%emt 0:00:11]} Qd2+ {[%emt 0:00:03]} 32. Kg1 {[%emt 0:00:03]} c2 {[%emt 0:00:01]} 33. Rf1 {[%emt 0:00:03]} c1=Q {[%emt 0:00:02] Kongle resigns Kongle resigns Kongle resigns Kongle resigns Kongle resigns (Lag: Av=0.56s, max=2.2s) (Lag: Av=0.56s, max=2.2s) (Lag: Av=0.56s, max=2.2s) (Lag: Av=0.56s, max=2.2s) (Lag: Av=0.56s, max=2.2s)} 0-1